Digimon Adventure Deaths - Statistics

General Stats
  • This quiz has been taken 118 times
  • The average score is 16 of 42
Answer Stats
Series Cause of death Answer % Correct
Digimon Adventure Angemon's Hand of Fate Devimon
97%
Digimon Adventure MetalGarurumon's Metal Wolf Claw Puppetmon
77%
Digimon Adventure MagnaAngemon's Gate of Destiny Piedmon
73%
Digimon Adventure WarGreymon's Great Tornado MetalSeadramon
70%
Digimon Adventure WarGreymon's Mega Claw Machinedramon
67%
Digimon Adventure Myotismon's Grisly Wing Wizardmon
66%
Digimon Adventure Eaten by VenomMyotismon DemiDevimon
64%
Digimon Adventure Wounds inflicted by MetalEtemon Leomon
63%
Digimon Adventure Absorbed by the Dark Network Datamon
59%
Digimon Adventure SaberLeomon's Howling Crusher MetalEtemon
56%
Digimon Adventure Myotismon's Grisly Wing Pumpkinmon
56%
Digimon Adventure Nullified by the power of the Digivices Apocalymon
55%
Digimon Adventure Angewomon's Heaven's Charm LadyDevimon
53%
Digimon Adventure 02 Silphymon's Static Force LadyDevimon
53%
Digimon Adventure Myotismon's Grisly Wing Gotsumon
50%
Digimon Adventure 02 Imperialdramon Fighter Mode's Giga Crusher MaloMyotismon
48%
Digimon Adventure 02 MaloMyotismon's Crimson Mist Mummymon
47%
Digimon Adventure MetalSeadramon's River of Power Whamon
47%
Digimon Adventure 02 Sacrificed himself to close the gate in Hikarigaoka BlackWarGreymon
44%
Digimon Adventure Puppetmon's Puppet Pummel Cherrymon
42%
Digimon Adventure Crashing into a giant cactus Kokatorimon
42%
Digimon Adventure Combined power of the Dark Masters Piximon
42%
Digimon Adventure 02 MaloMyotismon's Screaming Darkness Arukenimon
38%
Digimon Adventure Piedmon's Trump Sword Chuumon
34%
Digimon Adventure 02 Magnamon's Magna Blaster Kimeramon
33%
Digimon Adventure Falling into abyss Sukamon
30%
Digimon Adventure Killed by MetalSeadramon Scorpiomon
23%
Digimon Adventure MetalGreymon's Giga Blaster SkullMeramon
22%
Digimon Adventure Angemon's Hand of Fate Phantomon
20%
Digimon Adventure Birdramon's Meteor Wing Kiwimon
17%
Digimon Adventure Explosion triggered by Machinedramon WaruMonzaemon
17%
Digimon Adventure Garudamon's Wing Blade Mammothmon
16%
Digimon Adventure Puppetmon's Puppet Pummel RedVegiemon
16%
Digimon Adventure Consumed by Myotismon's bats Snimon
16%
Digimon Adventure Myotismon's Grisly Wing DarkTyrannomon
14%
Digimon Adventure Killed by Ikkakumon Gesomon
14%
Digimon Adventure 02 Shakkoumon's Justice Beam MarineDevimon
14%
Digimon Adventure Kabuterimon's Electro Shocker Raremon
14%
Digimon Adventure Consumed by Myotismon's bats Tuskmon
14%
Digimon Adventure 02 Imperialdramon Fighter Mode's Positron Laser SkullSatamon
11%
Digimon Adventure WereGarurumon's Wolf Claw Dokugumon
6%
Digimon Adventure Falling into abyss ShogunGekomon
3%
No matching quizzes found
Score Distribution
Percent of People with Each Score
Percentile by Number Answered
Your Score History
You have not taken this quiz